000 01020nam a2200277 i 4500
001 bg
003 KOSZ 005
005 20200818124629.0
008 071029s1966 pl a f f 001 0 pol
015 _aPB 1967/2479
040 _aWA N
_cKOSZ 005/RW
_dKOSZ 005/RW
080 _a546
080 _a(075.8)
100 1 _aTrzebiatowski, Włodzimierz
_d(1906-1982)
_eAutor
245 1 0 _aChemia nieorganiczna :
_bpodręcznik chemii nieorganicznej dla wydziałów chemicznych uniwersytetów i politechnik /
_cWłodzimierz Trzebiatowski.
250 _aWyd. 4 popr.
260 _aWarszawa :
_bPaństwowe Wydawnictwo Naukowe,
_c1966.
300 _a674, [1] s. :
_bil. ;
_c25 cm.
380 _aKsiążki
504 _aBibliogr. przy rozdz. Indeks.
655 4 _aPodręczniki akademickie
650 4 _aChemia nieorganiczna
710 2 _aPaństwowe Wydawnictwo Naukowe
_4pbl.
856 _uhttp://koha.tu.koszalin.pl/cgi-bin/koha/opac-detail.pl?biblionumber=11209
_yKatalog online BPK
942 _2UKD
_cKS
999 _c11209
_d11209